Pahlawan Govinda

Bibliographic Details
Main Author: Amer Haji Matsom
Format: Book
Published: Selangor : Penerbitan Orkid , 2006
Series:Siri cerpen sinar murni
Subjects:

MARC

LEADER 00000cam a2200000 7i4500
001 0000000292
005 20151222.0
008 070628
020 |a 9838914150 
020 |a 9838914177(set) 
090 0 0 |a JF   |b MAL (152) 
100 0 |a Amer Haji Matsom 
245 1 0 |a Pahlawan Govinda   |c Amer Haji Matsom 
260 |a Selangor :   |b Penerbitan Orkid ,   |c 2006 
440 |a Siri cerpen sinar murni 
500 |a Children ages 7-9 years old (orange) 
650 0 |a Children's stories, Malay 
650 0 |a Malay fiction 
999 |a 0000919091   |b Book   |c Children Collection   |e Cawangan Bukit Gambir 
999 |a 0000919092   |b Book   |c Children Collection   |e Cawangan Bukit Gambir 
999 |a 0000919093   |b Book   |c Children Collection   |e Cawangan Bukit Gambir 
999 |a 0000931167   |b Book   |c Children Collection   |e Cawangan Tangkak 
999 |a 0000931169   |b Book   |c Children Collection   |e Cawangan Tangkak 
999 |a 0000955808   |b Book   |c Children Collection   |e Perbadanan Perpustakaan Awam Johor 
999 |a 0000955809   |b Book   |c Children Collection   |e Cawangan Urban Transformation Centre 
999 |a 0000955810   |b Book   |c Children Collection   |e Cawangan Tangkak 
999 |a 0000955811   |b Book   |c Children Collection   |e Perbadanan Perpustakaan Awam Johor 
999 |a 0000958683   |b Book   |c Children Collection   |e Cawangan Pontian 
999 |a 0000958684   |b Book   |c Children Collection   |e Cawangan Pontian